000
00332nam a2200145Ia 4500
008
230718s9999 xx 000 0 und d
041
_a
Eng.
082
_a
342.02
_b
ADK-A
100
_a
Adkins? Berardine
245
0
_a
Ais Transpire
260
_a
Pakistan
_b
See land Maxwell
_c
1994
300
_a
330
650
_a
Law
999
_c
26323
_d
26323